• 首页
  • 本馆介绍
  • 公告通知
  • 最新文献
  • 馆藏检索
  • 电子资源
  • 读者导购
  • 参考咨询
  • 我的图书馆
  • 登录
  • 详细信息显示
  • 放入我的书架
  • 预约/预借图书
  • 作者相关作品
  • 分类相关作品
  • 丛书相关作品
  • 出版社相关作品

书目信息

  • 表格格式
  • 工作单格式
  • 卡片格式
题名:
碧血丹心
    
 
作者: 高宝新 编著
分册:  
出版信息: 北京   长征出版社  2011
页数: 389页
开本: 25cm
丛书名: 共和国风云纪实系列
单 册:
中图分类: A752 , K825.2=7
科图分类:
主题词:
电子资源:
ISBN: 978-7-80015-943-5
000 01061nam0 2200301 450
001 340090
005 20150605084626.90
010    @a978-7-80015-943-5@dCNY45.00
100    @a20110804d2011 em y0chiy50 ea
101 0  @achi
102    @aCN@b110000
105    @aa z 000yd
106    @ar
200 1  @a碧血丹心@Abi xue dan xin@e毛泽东和他的麾下将领@f高宝新编著
205    @a第2版
210    @a北京@c长征出版社@d2011
215    @a389页@c图, 照片@d25cm
225 1  @a共和国风云纪实系列
330    @a本书以大量权威资料及珍贵照片, 通过纪实手法独家披露了毛泽东与萧华、张宗逊、陈伯钧、宋任穷等麾下爱将的交往细节, 再现了一代伟人毛泽东战略家的远见卓识, 革命家的宽广胸怀和领袖的雄才大略。
410  0 @12001 @a共和国风云纪实系列
517 1  @a毛泽东和他的麾下将领@Amao ze dong he ta de hui xia jiang ling
600  0 @a毛泽东@f(1893-1976)@x生平事迹
601 02 @a中国人民解放军@x将军@x生平事迹
690    @aA752@v5
690    @aK825.2=7@v5
701  0 @a高宝新@Agao bao xin@f(1968)@4编著
801  0 @aCN@b卓展宏图@c20150525
905    @dA752@e219@f5
    
    碧血丹心:毛泽东和他的麾下将领/高宝新编著.-第2版.-北京:长征出版社,2011
    389页:图, 照片;25cm.-(共和国风云纪实系列)
    
    
    ISBN 978-7-80015-943-5:CNY45.00
    本书以大量权威资料及珍贵照片, 通过纪实手法独家披露了毛泽东与萧华、张宗逊、陈伯钧、宋任穷等麾下爱将的交往细节, 再现了一代伟人毛泽东战略家的远见卓识, 革命家的宽广胸怀和领袖的雄才大略。
●
相关链接 在E读中查询图书 在五车中查询图书 在当当中查询图书 在豆瓣中查询图书


正题名:碧血丹心     索取号:A752/219         预约/预借

序号 登录号 条形码 馆藏地/架位号 状态 备注
1 855756   208557569   第一样本阅览室/ [索取号:A752/219] 在馆    
2 855757   208557578   第一借阅区/ [索取号:A752/219] 在馆    
3 855758   208557587   第一借阅区/ [索取号:A752/219] 在馆    
4 855759   208557596   第一借阅区/ [索取号:A752/219] 在馆    
5 855760   208557603   第一借阅区/ [索取号:A752/219] 在馆    
唐山师范学院图书馆 欢迎您!
大连网信软件有限公司© 版权所有